Plastics materials : (Record no. 545118)
[ view plain ]
| 000 -LEADER | |
|---|---|
| fixed length control field | 00635pam a2200181 a 4500 |
| 020 ## - INTERNATIONAL STANDARD BOOK NUMBER | |
| International Standard Book Number | 0412002116 : |
| 020 ## - INTERNATIONAL STANDARD BOOK NUMBER | |
| International Standard Book Number | 0412002213 (pbk.) : |
| 082 00 - DEWEY DECIMAL CLASSIFICATION NUMBER | |
| Classification number | 620.1923 |
| Author Mark | BIR |
| -- | D |
| 100 1# - MAIN ENTRY--PERSONAL NAME | |
| Personal name | Birley, Arthur W. |
| 9 (RLIN) | 40886 |
| 245 10 - TITLE STATEMENT | |
| Title | Plastics materials : |
| Remainder of title | properties and applications / |
| Statement of responsibility, etc. | Arthur W. Birley and Martyn J. Scott. |
| 260 ## - PUBLICATION, DISTRIBUTION, ETC. | |
| Place of publication, distribution, etc. | Glasgow : |
| Name of publisher, distributor, etc. | Leonard Hill ; |
| Place of publication, distribution, etc. | New York : |
| Name of publisher, distributor, etc. | Distributed in the USA by Chapman and Hall, |
| Date of publication, distribution, etc. | c1982. |
| 300 ## - PHYSICAL DESCRIPTION | |
| Extent | viii, 167 p. : |
| Other physical details | ill. ; |
| Dimensions | 23 cm. |
| 500 ## - GENERAL NOTE | |
| General note | Includes index. |
| 526 ## - STUDY PROGRAM INFORMATION NOTE | |
| Program name | 0 |
| Interest level | 0 |
| Reading level | 0 |
| Title point value | 620_192300000000000_BIR |
| 650 #0 - SUBJECT ADDED ENTRY--TOPICAL TERM | |
| Topical term or geographic name entry element | Plastics. |
| 9 (RLIN) | 35927 |
| 700 1# - ADDED ENTRY--PERSONAL NAME | |
| Personal name | Scott, Martyn J. |
| 9 (RLIN) | 40887 |
| 942 ## - ADDED ENTRY ELEMENTS (KOHA) | |
| Source of classification or shelving scheme | |
| Koha item type | Book |
| Withdrawn status | Lost status | Source of classification or shelving scheme | Damaged status | Not for loan | Permanent Location | Current Location | Date acquired | Total Checkouts | Full call number | Barcode | Date last seen | Price effective from | Koha item type |
|---|---|---|---|---|---|---|---|---|---|---|---|---|---|
| Military College of Engineering (MCE) | Military College of Engineering (MCE) | 05/19/2014 | 620.1923 BIR | MCE-41908 | 05/19/2014 | 05/19/2014 | Book |
